01622nam a2200409 i 450000100060000000300020000600500170000800600190002500700150004400800410005903500220010004000310012205000210015308000070017408200170018110000240019824501870022225000190040926400470042830000580047533600310053333700330056433800430059758800680064059001570070865000290086565000180089465000190091265500250093170000500095670000410100670000420104779700180108985600770110794200110118499900170119576522020241217151313.0m o d | cr cnu||||||||170623s2012 mx a o 000 0 spa d a(OCoLC)1230153147 aFINmELBbspaerdacFINmELB 4aTA330bO879 2012 a510 a510.24622231 aO¿N̓eil, Peter V.10aMatemáticas avanzadas para ingeniería /cPeter V. O'Neil ; traducción Juan Carlos Rodríguez Aguilar, Fernando Álvarez King ; revisión técnica Edmundo Palacios Pastrana. a7a. edición. 1aMéxico, D.F. :bCengage Learning,c2012. a1 recurso en línea (666 páginas) :bilustraciones atextobtxt2rdacontent/spa acomputadorabc2rdamedia/spa arecurso en líneabcr2rdacarrier/spa aDescripción basada en el editor de metadatos y otras fuentes. aRecurso electronico. Santa Fe, Arg. : elibro, 2016. Disponible via World Wide Web. El acceso puede ser limitado para las bibliotecas afiliadas a elibro. 0aEngineering mathematics. 4aIngeniería. 4aMatemáticas. 4aLibros electronicos.1 aRodríguez Aguilar, Juan Carlos,etraductor.1 aÁlvarez King, Edmundo,etraductor.1 aPalacios Pastrana, Edmundo,erevisor.2 aelibro, Corp.40uhttps://elibro.net/ereader/politecnicointernacional/85095zClick to View cLIBROS c76522d76522